|
|
|
|
| LEADER |
00000nas a2200000 a 4500 |
| 001 |
ssj0012159 |
| 003 |
WaSeSS |
| 005 |
20200512172242.0 |
| 006 |
m d |
| 007 |
cr n |
| 008 |
991113c19979999iluqr p s 0 a0eng c |
| 010 |
|
|
|a 2008249035
|
| 022 |
|
|
|a 2163-5242
|y 1094-9054
|
| 024 |
7 |
|
|a Z672
|2 LC class
|
| 030 |
|
|
|a RUSQFU
|
| 035 |
|
|
|a (WaSeSS)ssj0012159
|
| 037 |
|
|
|b American Library Association, 50 E. Huron St., Chicago, IL 68611
|
| 040 |
|
|
|a UV$
|b eng
|c UV$
|d OCL
|d UV$
|d OCLCQ
|d OCLCS
|d ZYU
|d DLC
|d EYM
|d CUS
|d OCLCQ
|d DLC
|d OCLCF
|d OCLCO
|d OCLCQ
|d UBF
|d LND
|d OCLCE
|d Z5A
|d WT2
|d OCLCQ
|d TSC
|d CUY
|d CRU
|d MOW
|d OCLCQ
|d NTG
|d OCLCO
|d AU@
|d OCLCO
|d WYU
|d OCLCO
|d OCLCA
|d U3W
|d OCLCO
|d UAB
|d VT2
|d OCLCO
|d OCLCQ
|d REC
|d OCLCA
|d WaSeSS
|
| 042 |
|
|
|a pcc
|a nsdp
|
| 043 |
|
|
|a n-us---
|
| 050 |
1 |
4 |
|a Z671
|b .R23
|
| 082 |
1 |
0 |
|a 025
|2 14
|
| 130 |
0 |
|
|a Reference & user services quarterly (Online)
|
| 210 |
0 |
|
|a Ref. user serv. q.
|b (Online)
|
| 222 |
|
0 |
|a Reference & user services quarterly
|b (Online)
|
| 245 |
1 |
0 |
|a Reference & user services quarterly
|h [electronic resource] :
|b RUSQ.
|
| 246 |
3 |
|
|a Reference and user services quarterly
|
| 246 |
1 |
|
|i Title on ALA homepage:
|a RUSQ
|
| 260 |
|
|
|a Chicago, IL :
|b American Library Association,
|c ©1997-
|
| 310 |
|
|
|a Quarterly
|
| 362 |
0 |
|
|a Vol. 37, no. 1 (fall 1997)-
|
| 506 |
|
|
|a License restrictions may limit access.
|
| 550 |
|
|
|a Official publication of the Reference and User Services Association.
|
| 588 |
0 |
|
|a Vol. 37, no. 1 (fall 1997); title from title screen (ALA RUSA website, viewed July 31, 2008).
|
| 588 |
1 |
|
|a Vol. 50, no. 4 (July 2011) (Rusq.org, viewed Sept. 12, 2011).
|
| 650 |
|
0 |
|a Reference services (Libraries)
|v Periodicals.
|
| 650 |
|
0 |
|a Library science
|v Periodicals.
|
| 650 |
|
2 |
|a Library Services.
|
| 650 |
|
6 |
|a Bibliothèques
|x Services de référence
|v Périodiques.
|
| 650 |
|
6 |
|a Bibliothéconomie
|v Périodiques.
|
| 650 |
|
7 |
|a Library science.
|2 fast
|0 (OCoLC)fst00997916
|
| 650 |
|
7 |
|a Reference services (Libraries)
|2 fast
|0 (OCoLC)fst01092439
|
| 653 |
|
|
|a Business
|a Library and information science.
|
| 655 |
|
0 |
|a Electronic journals.
|
| 710 |
2 |
|
|a Reference and User Services Association.
|
| 776 |
0 |
8 |
|i Print version, 1997-2011:
|t Reference & user services quarterly
|x 1094-9054
|w (DLC) 98643583
|w (OCoLC)37395409
|
| 776 |
0 |
8 |
|i Microfilm version:
|t Reference & user services quarterly
|w (DLC) 00238234
|w (OCoLC)40541834
|
| 776 |
0 |
8 |
|i Microfiche version:
|t Reference & user services quarterly
|w (OCoLC)38966558
|
| 780 |
0 |
0 |
|t RQ
|x 2330-0868
|w (DLC) 2013221135
|w (OCoLC)565337388
|
| 780 |
1 |
5 |
|a Reference and User Services Association.
|t RUSA update
|x 1095-2624
|w (OCoLC)607791019
|
| 856 |
4 |
0 |
|z Full text available from Research Library: 07/01/1997 to 3 months ago
|u https://search.proquest.com/publication/40834
|